00878nam a2200217 a 450000100100000000500170001000800410002704000250006804100390009308200160013210000340014824000400018224501070022226000590032930000210038853400660040970000390047504900090051495201200052399900170064300002328020200930022117.0101201s1974 ag r 000 0 spa d aDO-SdBNPbspacBNPHU17aspaheng2Código de idiomas MARC annnnbD983p1 aDuvall, Evelyn Millis,94794010aWhy wait till marriage?lEspañol.11a¿Por qué esperar hasta el matrimonio? /cEvelyn Millis Duvall ; traducido por Pablo Alberto Deiros. aBuenos Aires :bCasa Bautista de Publicaciones,c1974. a155 p. ;c19 cm. pTítulo original en inglés:tWhy wait till marriage?c19651 aDeiros, Pablo Alberto,etr.947941 aBNGR 001052708MOaGRbGRcCTd2010-12-01iLF1l0onnnn D983pp23280-10r2020-06-25w2020-06-25y2ZPréstamo interno c22777d22777